000 00799nam a22002417a 4500
001 57762
005 20260415104701.0
008 260415s2015 ii |||||||| |||| 00| 0 eng d
020 _a9781783985104
040 _aBD-DhIUB
_cBD-DhIUB
_dBD-DhIUB
082 _222
_a332.0285
_bH514m
100 _aHeydt, Michael
_97133
245 _aMastering pandas for finance :
_bmaster pandas, an open source python data analysis libraryfor financial data analysis/
_cMichael Heydt.
260 _aMumbai:
_bPackt Publishing Ltd.
_c2015
300 _aix, 275p;.
_c24cm
490 _aCommunity experience distilled
526 _aSBE
_bfin
_lREF
541 _aKarim
650 0 _aFinancial economics
_97134
650 0 _aPython Programming
_97135
650 0 _aFinancial Data analysis
_97136
942 _2ddc
_cBK
999 _c57762
_d57936